000 004390000a22001570004500
003 LK-CoMWRAF
008 230817t1994 ||||| |||| 00| 0 eng d
040 _aLK-CoMWRAF
_dLK-CoMWRAF
_eLK-CoMWRAF
041 _aeng
082 _a500
_bWOM
245 _aWomen in War Zones
_bTestimonies and accounts from women in war zones and conflict situatio
260 _aGrables
_bWLUML
_c1994
300 _ap.30
650 _awomen in conflict
942 _cBK
999 _c80
_d80